| 000 | 02129nam a2200313Ia 4500 | ||
|---|---|---|---|
| 999 |
_c53840 _d53840 |
||
| 001 | 20891 | ||
| 003 | GE_BSU | ||
| 005 | 20210610172339.0 | ||
| 008 | 181216s2016||||ge |||||||||||||| ||geo|| | ||
| 020 | _a9789941947803 | ||
| 040 | _cGE_BSU | ||
| 041 | _ageo | ||
| 080 | _a347.5 ბ-73 | ||
| 100 |
_aბიჭია, მიხეილ _98142 |
||
| 245 |
_aკანონისმიერი ვალდებულებითი ურთიერთობები : საზიარო უფლებები, დავალების გარეშე სხვისი საქმეების შესრულება, უსაფუძვლო გამდიდრება, დელიქტური ვალდებულებები : _bდამხმარე სახელმძღვ. / _cმიხეილ ბიჭია ; რედაქტორი მარიამ ცისკაძე. |
||
| 264 |
_aთბილისი : _bბონა კაუზა, _c2016. |
||
| 300 |
_a447 გვ. ; _c20 სმ. |
||
| 490 | _aიურისტის ბიბლიოთეკა | ||
| 500 | _aგამოყენებული ლიტერატურა გვ. : 407-439 | ||
| 541 | _h22ლ. | ||
| 653 | _aარასახელშეკრულებო ვალდებულებების ადგილი ვალდებულებითი სამართლის სისტემაში და სხვა | ||
| 653 | _aკანონისმიერი ვალდებულებების ადგილი სამოქალაქო სამართლის სისტემაში | ||
| 653 | _aვალდებულების ცნება და ელემენტები | ||
| 653 | _aვალდებულების სახეები | ||
| 653 | _aსამართალი | ||
| 653 | _a ვალდებულებითი სამართალი | ||
| 700 |
_aცისკაძე, მარიამ _eრედაქტორი _98143 |
||
| 942 |
_cBK _2udc |
||